000 01671nam a2200409 a 4500
001 ebr10500229
003 CaPaEBR
006 m u
007 cr cn|||||||||
008 111025s2011 xnaa sb 001 0 eng d
020 _z9781921507359
020 _z9781921507403 (e-book)
040 _aCaPaEBR
_cCaPaEBR
035 _a(OCoLC)722441423
043 _au-at---
050 1 4 _aQA76.575
_b.S63 2011eb
245 0 0 _aSocial impacts of digital media
_h[electronic resource] /
_cedited by Justin Healey.
260 _aThirroul, N.S.W. :
_bSpinney Press,
_c2011.
300 _a60 p. :
_bcol. ill.
490 1 _aIssues in society ;
_vv. 324
504 _aIncludes bibliographical references and index.
533 _aElectronic reproduction.
_bPalo Alto, Calif. :
_cebrary,
_d2011.
_nAvailable via World Wide Web.
_nAccess may be limited to ebrary affiliated libraries.
650 0 _aDigital media
_xSocial aspects
_zAustralia.
650 0 _aSocial media
_zAustralia.
650 0 _aInternet
_xSafety measures
_zAustralia.
650 0 _aInformation society
_xSocial aspects
_zAustralia.
650 0 _aInformation technology
_xSocial aspects
_zAustralia.
650 0 _aTechnological innovations
_xSocial aspects
_zAustralia.
650 0 _aInternet
_xSocial aspects
_zAustralia.
650 0 _aCommunication
_xSocial aspects
_zAustralia.
650 0 _aSocial change.
655 7 _aElectronic books.
_2local
700 1 _aHealey, Justin.
710 2 _aebrary, Inc.
830 0 _aIssues in society (Balmain, N.S.W.) ;
_vv. 324.
856 4 0 _uhttp://site.ebrary.com/lib/rucke/Doc?id=10500229
_zAn electronic book accessible through the World Wide Web; click to view
999 _c131281
_d131281